000 00566nam a2200217Ia 4500
003 OSt
005 20221005133831.0
006 a|||||r|||| 00| 0
007 ta
008 221004b |||||||| |||| 00| 0 pan d
024 _a8395
037 _cTextual
040 _aCRL
_cCRL
_bpan
041 _2pan
_apan
082 _aU8, 153G0
100 _aਸਿੰਘ, ਲਾਲ
245 0 _aਮੇਰਾ ਵਲੈਤੀ ਸਖ਼ਰਨਾਮਾ
260 _c1930
942 _hU8, 153G0
_cTEXL
_2cc
999 _c1068025
_d1068025